00390nam a2200145Ia 4500008004100000041000800041082001800049100001800067245007500085250000600160260004000166300000800206365001000214650002000224140306s9999 xx 000 0 und d aeng a332.4bPAT/MO aPatinkin, Don aMoney interest and prices and integration of monetary and value theory a2 aNew DelhibKalyani Publishersc1992 a708 bRs.80 aMacro economics